Rent control and leasehold enfranchisement. (Record no. 85547)

MARC details
000 -LEADER
fixed length control field 00481cam a2200205 4500
001 - CONTROL NUMBER
control field D11956
008 - FIXED-LENGTH DATA ELEMENTS--GENERAL INFORMATION
fixed length control field 090401t1974 xxu||||| |||| 00| 0 eng d
035 ## - SYSTEM CONTROL NUMBER
System control number (Sirsi) u389
041 ## - LANGUAGE CODE
Language code of text/sound track or separate title eng
050 ## - LIBRARY OF CONGRESS CALL NUMBER
Classification number 346.4104344
100 ## - MAIN ENTRY--PERSONAL NAME
Personal name Aldridge, Trevor M.
245 ## - TITLE STATEMENT
Title Rent control and leasehold enfranchisement.
250 ## - EDITION STATEMENT
Edition statement 5th
260 ## - PUBLICATION, DISTRIBUTION, ETC.
Place of publication, distribution, etc. London
Name of publisher, distributor, etc. Oyez
Date of publication, distribution, etc. 1974
300 ## - PHYSICAL DESCRIPTION
Extent xxix,204p. ; 21cm.
350 ## - PRICE (NR) (BK AM CF MU VM SE) [OBSOLETE]
Price 3.5
520 ## - SUMMARY, ETC.
Summary, etc. Shelf 113
942 ## - ADDED ENTRY ELEMENTS (KOHA)
Suppress in OPAC 0
948 ## - LOCAL PROCESSING INFORMATION (OCLC); SERIES PART DESIGNATOR (RLIN)
c (OCLC) 04/03/1997
Holdings
Withdrawn status Lost status Source of classification or shelving scheme Damaged status Not for loan Home library Current library Shelving location Date acquired Cost, normal purchase price Total Checkouts Full call number Barcode Date last seen Copy number Cost, replacement price Price effective from Koha item type
    Dewey Decimal Classification     London London Basement 14/09/1999 3.50   SHELF 113 30015395 06/08/2019 1 3.50 06/08/2019 Reference material